[Un método peligroso] = A Dangerous Method /

El décimo noveno largometraje dirigido por el cineasta canadiense David Cronenberg gira en torno a las relaciones entre tres personajes centrales de la historia del psicoanálisis: los muy célebres Sigmund Freud (1856-1939) y Carl Gustav Jung (1875-1961) y la quizás menos conocida Sabina Spielrein (1...

Whakaahuatanga katoa

I tiakina i:
Ngā taipitopito rārangi puna kōrero
Kaituhi matua: Cronenberg, David (realización)
Ētahi atu kaituhi: Hampton, Christopher (guión) (guión), Suschitzky, Peter (fotógrafo) (fotógrafo), Sanders, Ronald (montaje) (montaje), Shore, Howard (música) (música), Knightley, Keira (actuación) (actuación), Mortensen, Viggo (actuación) (actuación), Fassbender, Michael (actuación) (actuación), Cronenberg, David (comentarios) (comentarios), Humenuik, MJ (producción) (producción), Duncan, Bryce (montaje) (montaje), Hosney, James (conducción) (conducción)
Hōputu: Reti
Reo:Ingarihi
I whakaputaina: Berlín, Alemania : Lago Film, 2011, c2011
Ngā marau:
Ngā Tūtohu: Tāpirihia he Tūtohu
Kāore He Tūtohu, Me noho koe te mea tuatahi ki te tūtohu i tēnei pūkete!

MARC

LEADER 00000ngm^a2200000^a^4500
001 000326163
005 20250521000000.0
008 121106 20122012
009 20260310113759.422
037 |a Acervo ITESO - Biblioteca 
041 |a ING 
082 |a 819. 1  |b CRO 
100 |a Cronenberg, David  |e (realización) 
240 1 4 |a [Un método peligroso] 
245 1 4 |a [Un método peligroso] =  |b A Dangerous Method /  |c Realización de D. Cronenberg. 
246 2 |a Título en México: Un método peligroso 
246 2 |a Título en la cubierta: A Dangerous Method 
264 4 |a Berlín, Alemania :  |b Lago Film,  |c 2011, c2011 
264 2 |a Los Angeles, EUA :  |b Sony Pictures [distribución],  |c 2012, c2012 
300 |a 1 DVD región 1 (99, 8, 31 min.) :  |b color 
336 |a imagen móvil bidimensional  |b tdi  |2 rdacontenido 
337 |a video  |b v  |2 rdamedio 
338 |a videodisco  |b vd  |2 rdasoporte 
500 |a Basado en: The Talking Cure, de Christopher Hampton 
500 |a Basado en: La historia secreta del psicoanálisis: Jung, Freud y Sabina Spielrein, de John Kerr 
520 |a El décimo noveno largometraje dirigido por el cineasta canadiense David Cronenberg gira en torno a las relaciones entre tres personajes centrales de la historia del psicoanálisis: los muy célebres Sigmund Freud (1856-1939) y Carl Gustav Jung (1875-1961) y la quizás menos conocida Sabina Spielrein (1885-1942). El canadiense parte de un guión del británico Christopher Hampton, quien adaptó su obra teatral The Talking Cure (2002), inspirada a su vez en La historia secreta del psicoanálisis: Jung, Freud y Sabina Spielrein (1993), de John Kerr. La acción transcurre durante los años 1904-1913 e inicia cuando la joven ruso-judía Spielrein fue admitida con una cuadro de histeria grave en el Hospital Psiquiátrico de la Universidad de Zurich, conocido popularmente como "Burghölzli", donde permaneció bajo los cuidados de Jung. Este opera como el vértice común del triángulo profesional, en tanto Cronenberg describe el proceso paulatino de ruptura entre Jung y Freud, una relación sexual de tipo sadomasoquista que mantuvieran Jung y Spielrein y la influencia de la futura analista y educadora en el desarrollo del psicoanálisis. Filmada en Viena, Austria y en varias ciudades alemanas, hablada en inglés y estrenada en 2011, la película se suma a una serie de investigaciones y creaciones de ficción que reivindican la relevancia de Spielrein, entre las que también pueden citarse Una secreta simetría: Sabina Spielrein entre Freud y Jung (1980), correspondencia publicada por el psicoanalista Aldo Carotenuto (1933-2005), y el filme italiano –hablado en inglés- Almas al desnudo (2002), basado en dicho epistolario. Esta presentación en DVD región 1 cuenta con la opción de subtítulos en español, pero no establece un título para la película en dicho idioma, por lo que ha sido asignado el título Un método peligroso, como fue exhibida en México. 
520 |a Suplementos y características especiales (en inglés, con subtítulos opcionales: inglés, a menos que sea anotada otra especificación): 1) Opción de reproducir la película acompañada de un comentario del director; 2) The Making of A Dangerous Method (8 min., 2011), reportaje detrás de cámaras con testimonios de Cronenberg, el productor Jeremy Thomas, el compositor Howard Shore y los intérpretes Keira Knightley, Viggo Mortensen, Michael Fassbender y Vincent Cassel; 3) AFI's Harold Lloyd Master Seminar with David Cronenberg (31 min., 2011), conversación con el director, moderada por James Hosney, en el American Film Institute (AFI) y 4) Avance cinematográfico original (2 min.; en inglés, sin subtítulos o traducción). 
546 |a En inglés, con subtítulos opcionales: español, inglés 
586 |a Premio Genie, de la Academia Canadiense de Cine y Televisión (32°: 2011): Mejor Película (finalista) 
586 |a Premio Genie, de la Academia Canadiense de Cine y Televisión (32°: 2011): Mejor Dirección (finalista: David Cronenberg) 
649 |a XX 
650 |a Cineastas Canadienses -  |x Entrevistas 
650 |a Psiquiatras Suizos -  |x Biografías -  |x Adaptaciones para Cine 
650 |a Psicoanalistas Austríacos -  |x Biografías -  |x Adaptaciones para Cine 
650 |a Psicoanalistas Suizos -  |x Biografías -  |x Adaptaciones para Cine 
650 |a Psicoanalistas Rusos -  |x Biografías -  |x Adaptaciones para Cine 
650 |a Mujeres Rusas -  |x Biografías -  |x Adaptaciones para Cine 
650 |a Dramas Cinematográficos 
650 |a Making Of (Documentales detrás de Cámaras) 
650 |a Cine Canadiense -  |y 2010-2019 
650 |a Cine Canadiense -  |y Siglo XXI 
650 |a Cine Canadiense -  |x Historia y Crítica 
650 |a Teatro Inglés -  |x Adaptaciones para Cine 
650 |a Literatura Inglesa -  |y Siglo XXI -  |x Adaptaciones para Cine 
650 |a Literatura y Cine 
650 |a Hospitales Psiquiátricos 
650 |a Relación Analítica 
650 |a Psicoanálisis -  |x Historia -  |x Tema Principal 
650 |a Psicología Clínica -  |x Historia 
650 |a Cronenberg, David 
650 |a Freud, Sigmund -  |x Tema Principal 
650 |a Jung, Carl Gustav -  |x Tema Principal 
650 |a Spielrein, Sabina -  |x Tema Principal 
740 4 |a The Making of A Dangerous Method /  |c Prod. de MJ Humenuik. 
740 0 |a AFI's Harold Lloyd Master Seminar with David Cronenberg /  |c Conducción de J. Hosney. 
700 |a Hampton, Christopher  |e (guión) 
700 |a Suschitzky, Peter  |e (fotógrafo) 
700 |a Sanders, Ronald  |e (montaje) 
700 |a Shore, Howard  |e (música) 
700 |a Knightley, Keira  |e (actuación) 
700 |a Mortensen, Viggo  |e (actuación) 
700 |a Fassbender, Michael  |e (actuación) 
700 |a Cronenberg, David  |e (comentarios) 
700 |a Humenuik, MJ  |e (producción) 
700 |a Duncan, Bryce  |e (montaje) 
700 |a Hosney, James  |e (conducción) 
910 |a Fondo General 
920 |a Audiovisuales - DVDs 
940 |a Películas 
905 |a 302 
901 |a 0500214656  |b IT2  |c DVS  |i C134060  |u 20250521 
902 |a https://opac.biblio.iteso.mx/vufind/Record/000326163